[Event "HUN-chT2 Asztalos 0506"]
[Site "Hungary"]
[Date "2005.11.13"]
[Round "3"]
[White "Kovacs, Gabor M"]
[Black "Breitenbach, Zoltan"]
[Result "0-1"]
[WhiteElo "2271"]
[BlackElo "2114"]
[PlyCount "92"]
[EventDate "2005.10.16"]
[EventType "team"]
[EventRounds "11"]
[EventCountry "HUN"]
[SourceTitle "EXT 2009"]
[Source "ChessBase"]
[SourceDate "2008.11.26"]
[SourceVersion "1"]
[SourceVersionDate "2008.11.26"]
[SourceQuality "1"]
[WhiteTeam "Bajai"]
[BlackTeam "Pannonpower II"]
[WhiteTeamCountry "HUN"]
[BlackTeamCountry "HUN"]

1. Nf3 Nf6 2. g3 d6 3. Bg2 g6 4. c4 Bg7 5. Nc3 0-0 6. 0-0 Nc6 7. d4 Ne8 8. Bf4 Bg4 9. d5 Bxf3 10. exf3 Ne5 11. Qe2 c5 12. Rfe1 Nc7 13. Bd2 Re8 14. f4 Nd7 15. Qd3 Rb8 16. f5 Ne5 17. Qe4 b5 18. cxb5 Nxb5 19. Nxb5 Rxb5 20. Bc3 Nd7 21. Bf1 Bxc3 22. Bxb5 Bxe1 23. Rxe1 Nf6 24. Qa4 Rf8 25. fxg6 hxg6 26. Qxa7 Nxd5 27. Bc4 Nb6 28. Bb5 Nc8 29. Qa6 e6 30. a4 d5 31. b3 Qg5 32. f4 Qf6 33. Re5 Qd8 34. Re2 Qf6 35. Bd3 c4 36. Bc2 Qd4+ 37. Kg2 Ne7 38. Qd6 cxb3 39. Bxb3 Qd3 40. Rf2 Nf5 41. Bc2 Ne3+ 42. Kh3 Nxc2 43. f5 exf5 44. Rf4 Ne3 45. a5 Qe2 46. a6 Ng4 0-1

[Event "HUN-chT2 Asztalos 0506"]
[Site "Hungary"]
[Date "2005.10.30"]
[Round "2"]
[White "Gyugyi, Peter"]
[Black "Kovacs, Gabor M"]
[Result "0-1"]
[WhiteElo "2122"]
[BlackElo "2271"]
[PlyCount "60"]
[EventDate "2005.10.16"]
[EventType "team"]
[EventRounds "11"]
[EventCountry "HUN"]
[SourceTitle "EXT 2009"]
[Source "ChessBase"]
[SourceDate "2008.11.26"]
[SourceVersion "1"]
[SourceVersionDate "2008.11.26"]
[SourceQuality "1"]
[WhiteTeam "Nagyatad"]
[BlackTeam "Bajai"]
[WhiteTeamCountry "HUN"]
[BlackTeamCountry "HUN"]

1. e4 c5 2. Nf3 Nc6 3. d4 cxd4 4. Nxd4 Nf6 5. Nc3 d6 6. Be2 a6 7. Bg5 e6 8. f4 Be7 9. Qd2 h6 10. Bh4 Qc7 11. Bf2 b5 12. a3 Bb7 13. Bf3 Na5 14. 0-0 Nc4 15. Qc1 Rc8 16. Nde2 0-0 17. h4 Nd7 18. g4 f5 19. g5 hxg5 20. fxg5 Nde5 21. Bg2 fxe4 22. Nd4 e3 23. Bxe3 Rxf1+ 24. Bxf1 Rf8 25. Nce2 Ng4 26. Nxe6 Qc6 27. Ng3 Qf3 28. Qe1 Ncxe3 29. Nxf8 Bxf8 30. Rc1 Nxf1 0-1

[Event "HUN-chT2 Asztalos 0506"]
[Site "Hungary"]
[Date "2005.10.16"]
[Round "1"]
[White "Kovacs, Gabor M"]
[Black "Gal, Peter"]
[Result "1-0"]
[WhiteElo "2271"]
[BlackElo "2084"]
[PlyCount "47"]
[EventDate "2005.10.16"]
[EventType "team"]
[EventRounds "11"]
[EventCountry "HUN"]
[SourceTitle "EXT 2009"]
[Source "ChessBase"]
[SourceDate "2008.11.26"]
[SourceVersion "1"]
[SourceVersionDate "2008.11.26"]
[SourceQuality "1"]
[WhiteTeam "Bajai"]
[BlackTeam "Szekszard"]
[WhiteTeamCountry "HUN"]
[BlackTeamCountry "HUN"]

1. Nf3 d5 2. d4 e6 3. c4 c6 4. Nc3 dxc4 5. a4 Bb4 6. e3 b5 7. Bd2 Bb7 8. b3 a5 9. axb5 Bxc3 10. Bxc3 cxb5 11. bxc4 b4 12. Bb2 Nf6 13. Bd3 Bc6 14. Ne5 Qb6 15. 0-0 Nbd7 16. Nxc6 Qxc6 17. e4 e5 18. dxe5 Nxe4 19. e6 fxe6 20. Bxg7 Rg8 21. Qh5+ Ke7 22. Qxh7 Ndf6 23. Bxf6+ Kxf6 24. Bxe4 1-0

[Event "HUN-chT2 Toth 0405"]
[Site "Hungary"]
[Date "2004.12.19"]
[Round "5"]
[White "Kovacs, Gabor M"]
[Black "Czibulka, Zoltan"]
[Result "1-0"]
[WhiteElo "2291"]
[BlackElo "2183"]
[PlyCount "67"]
[EventDate "2004.09.26"]
[EventType "team"]
[EventRounds "11"]
[EventCountry "HUN"]
[SourceTitle "EXT 2009"]
[Source "ChessBase"]
[SourceDate "2008.11.26"]
[SourceVersion "1"]
[SourceVersionDate "2008.11.26"]
[SourceQuality "1"]
[WhiteTeam "Bajai"]
[BlackTeam "Kalocsa"]
[WhiteTeamCountry "HUN"]
[BlackTeamCountry "HUN"]

1. d4 e6 2. Nf3 Nf6 3. c4 d5 4. Nc3 c6 5. e3 Nbd7 6. Be2 Be7 7. 0-0 0-0 8. Qc2 dxc4 9. Bxc4 Nb6 10. Bb3 Nbd5 11. e4 Nxc3 12. bxc3 b5 13. a4 Bb7 14. Bb2 a5 15. Rad1 Qb6 16. Rfe1 Rad8 17. Ne5 Nd7 18. Nd3 c5 19. axb5 cxd4 20. cxd4 Qxb5 21. Ba4 Qb6 22. Ba1 Ba6 23. Rb1 Bxd3 24. Qxd3 Qa7 25. Qa3 Nf6 26. h3 g6 27. Qe3 Kg7 28. g4 h6 29. f3 Kh7 30. Kg2 Rb8 31. Qf4 Rxb1 32. Rxb1 Ng8 33. d5 Bg5 34. Qg3 1-0

[Event "HUN-chT2 Toth 0405"]
[Site "Hungary"]
[Date "2004.09.26"]
[Round "1"]
[White "Kovacs, Gabor M"]
[Black "Andor, Laszlo"]
[Result "0-1"]
[WhiteElo "2291"]
[BlackElo "2146"]
[PlyCount "78"]
[EventDate "2004.09.26"]
[EventType "team"]
[EventRounds "11"]
[EventCountry "HUN"]
[SourceTitle "EXT 2009"]
[Source "ChessBase"]
[SourceDate "2008.11.26"]
[SourceVersion "1"]
[SourceVersionDate "2008.11.26"]
[SourceQuality "1"]
[WhiteTeam "Bajai"]
[BlackTeam "Bekes"]
[WhiteTeamCountry "HUN"]
[BlackTeamCountry "HUN"]

1. Nf3 Nf6 2. c4 g6 3. Nc3 Bg7 4. g3 c5 5. Bg2 Nc6 6. 0-0 0-0 7. d4 cxd4 8. Nxd4 Qb6 9. e3 d6 10. h3 Bd7 11. b3 Rac8 12. Bb2 a6 13. Qe2 Rfe8 14. Rfd1 Qa5 15. Rac1 Nxd4 16. Rxd4 Bc6 17. e4 Nd7 18. Rdd1 b5 19. cxb5 axb5 20. Ba1 Bh6 21. f4 Bg7 22. Nd5 Bxa1 23. Rxa1 Bxd5 24. Rxd5 Rc5 25. Rxc5 Nxc5 26. Re1 Qc3 27. Kh2 Ra8 28. e5 Rxa2 29. Qxa2 Qxe1 30. Qa8+ Kg7 31. Qd5 Qc3 32. exd6 exd6 33. Qxd6 b4 34. h4 Nxb3 35. h5 Qc5 36. h6+ Kxh6 37. Qd7 Qh5+ 38. Kg1 Qf5 39. Qe7 Qc5+ 0-1

[Event "HUN-chT2 Asztalos 0304"]
[Site "Hungary"]
[Date "2004.03.21"]
[Round "9"]
[White "Kovacs, Gabor M"]
[Black "Kiss, Viktor"]
[Result "1/2-1/2"]
[WhiteElo "2293"]
[BlackElo "2096"]
[PlyCount "33"]
[EventDate "2003.08.29"]
[EventType "team"]
[EventRounds "11"]
[EventCountry "HUN"]
[SourceTitle "EXT 2009"]
[Source "ChessBase"]
[SourceDate "2008.11.26"]
[SourceVersion "1"]
[SourceVersionDate "2008.11.26"]
[SourceQuality "1"]
[WhiteTeam "Bajai"]
[BlackTeam "Fehervar"]
[WhiteTeamCountry "HUN"]
[BlackTeamCountry "HUN"]

1. Nf3 Nf6 2. d4 g6 3. c4 Bg7 4. Nc3 d5 5. Bf4 c5 6. e3 cxd4 7. exd4 0-0 8. Qb3 dxc4 9. Qxc4 Be6 10. Qb5 Nc6 11. Qxb7 Nxd4 12. 0-0-0 Bd5 13. Nxd5 Nxd5 14. Nxd4 Qc8+ 15. Qxc8 Raxc8+ 16. Kb1 Nxf4 17. Ba6 1/2-1/2

[Event "HUN-chT2 Asztalos 0304"]
[Site "Hungary"]
[Date "2003.09.28"]
[Round "1"]
[White "Tesinszky, Gyorgy"]
[Black "Kovacs, Gabor M"]
[Result "1/2-1/2"]
[WhiteElo "2175"]
[BlackElo "2293"]
[PlyCount "120"]
[EventDate "2003.08.29"]
[EventType "team"]
[EventRounds "11"]
[EventCountry "HUN"]
[SourceTitle "EXT 2009"]
[Source "ChessBase"]
[SourceDate "2008.11.26"]
[SourceVersion "1"]
[SourceVersionDate "2008.11.26"]
[SourceQuality "1"]
[WhiteTeam "Komlo Banyasz"]
[BlackTeam "Bajai"]
[WhiteTeamCountry "HUN"]
[BlackTeamCountry "HUN"]

1. e4 c5 2. d4 cxd4 3. c3 dxc3 4. Nxc3 e6 5. Nf3 a6 6. Bc4 Qc7 7. Qe2 b5 8. Bb3 Bb7 9. 0-0 Be7 10. Bg5 Nc6 11. Rac1 h6 12. Be3 Nf6 13. Nd5 exd5 14. exd5 0-0 15. dxc6 dxc6 16. Qc2 Rac8 17. Qg6 Kh8 18. Bxf7 c5 19. Be6 Be4 20. Bf5 Bxf5 21. Qxf5 Nd7 22. Qe6 Bf6 23. Qxa6 Ra8 24. Qxb5 Rfb8 25. Qc4 Rxb2 26. a4 Qa5 27. Rfe1 Nb6 28. Qe6 Rf8 29. Bxc5 Ra8 30. Bxb6 Rxb6 31. Qe4 Rb4 32. Qe6 Qxa4 33. Rc8+ Rxc8 34. Qxc8+ Kh7 35. Qf5+ Kg8 36. Rc1 Rb8 37. g3 Rd8 38. Rc7 Qa1+ 39. Kg2 Qa8 40. Kh3 Rf8 41. Qg4 Qa6 42. Qc4+ Qxc4 43. Rxc4 Ra8 44. Nd2 Ra7 45. Ne4 Be7 46. f4 Kf7 47. Kg4 Ra2 48. h4 Ra7 49. h5 Rd7 50. Rc6 Ra7 51. Nc3 Rd7 52. Nb5 Rb7 53. Nc7 Ra7 54. Ne6 Rd7 55. f5 Ra7 56. Rc7 Rxc7 57. Nxc7 Ba3 58. Nd5 Bc1 59. Kf3 Bg5 60. Ke4 Bc1 1/2-1/2

[Event "HUN-chT2 Asztalos 0203"]
[Site "Hungary"]
[Date "2003.03.02"]
[Round "8"]
[White "Kopasz, Robert"]
[Black "Kovacs, Gabor M"]
[Result "1-0"]
[WhiteElo "2328"]
[BlackElo "2300"]
[PlyCount "77"]
[EventDate "2002.09.22"]
[EventType "team"]
[EventRounds "11"]
[EventCountry "HUN"]
[SourceTitle "EXT 2009"]
[Source "ChessBase"]
[SourceDate "2008.11.26"]
[SourceVersion "1"]
[SourceVersionDate "2008.11.26"]
[SourceQuality "1"]

1. e4 e5 2. Nf3 Nc6 3. Bb5 a6 4. Ba4 Nf6 5. 0-0 Be7 6. Re1 b5 7. Bb3 0-0 8. a4 Bb7 9. c3 d6 10. d4 Qc8 11. Nbd2 exd4 12. cxd4 Nb4 13. e5 dxe5 14. Nxe5 Bd6 15. Ndf3 Bd5 16. Bg5 Qf5 17. Bxf6 Bxb3 18. Qxb3 gxf6 19. Nh4 Qh5 20. Nef3 Rae8 21. axb5 axb5 22. g3 f5 23. Ne5 Re7 24. Nd3 Nxd3 25. Qxd3 Rxe1+ 26. Rxe1 f4 27. Nf5 fxg3 28. hxg3 b4 29. Kg2 Qg6 30. Rh1 Re8 31. Rh6 Qg5 32. Rh4 Re6 33. Nxd6 cxd6 34. Qxh7+ Kf8 35. Rh5 Qc1 36. Rf5 f6 37. Ra5 Re8 38. Ra7 Qc6+ 39. Kh2 1-0

[Event "HUN-chT2 Asztalos 0304"]
[Site "Hungary"]
[Date "2003.01.25"]
[Round "6"]
[White "Szotak, Laszlo"]
[Black "Kovacs, Gabor M"]
[Result "1/2-1/2"]
[WhiteElo "2158"]
[BlackElo "2293"]
[PlyCount "29"]
[EventDate "2003.08.29"]
[EventType "team"]
[EventRounds "11"]
[EventCountry "HUN"]
[SourceTitle "EXT 2009"]
[Source "ChessBase"]
[SourceDate "2008.11.26"]
[SourceVersion "1"]
[SourceVersionDate "2008.11.26"]
[SourceQuality "1"]
[WhiteTeam "Szenna Pack II"]
[BlackTeam "Bajai"]
[WhiteTeamCountry "HUN"]
[BlackTeamCountry "HUN"]

1. e4 d6 2. d4 g6 3. Nf3 Bg7 4. c3 Nd7 5. Be2 Ngf6 6. Nbd2 0-0 7. 0-0 c5 8. Re1 a6 9. a4 b6 10. d5 Ng4 11. Qc2 Rb8 12. c4 Nde5 13. Nxe5 Nxe5 14. f4 Ng4 15. Nf3 1/2-1/2

[Event "HUN-chT3 0102"]
[Site "Hungary"]
[Date "2002.04.07"]
[Round "10"]
[White "Tatar Kis, Szabolcs"]
[Black "Kovacs, Gabor M"]
[Result "1/2-1/2"]
[WhiteElo "2393"]
[BlackElo "2300"]
[PlyCount "52"]
[EventDate "2001.09.30"]
[EventType "team"]
[EventRounds "11"]
[EventCountry "HUN"]
[SourceTitle "EXT 2004"]
[Source "ChessBase"]
[SourceDate "2003.11.25"]
[SourceVersion "1"]
[SourceVersionDate "2003.11.25"]
[SourceQuality "1"]

1. e4 c5 2. Nf3 Nc6 3. d4 cxd4 4. Nxd4 e5 5. Nb5 a6 6. N5c3 Nf6 7. Bg5 Be7 8. Bxf6 Bxf6 9. Nd2 0-0 10. Be2 Nd4 11. 0-0 b5 12. a4 Bb7 13. axb5 axb5 14. Rxa8 Qxa8 15. Bxb5 Nxb5 16. Nxb5 Bxe4 17. Nc7 Qc6 18. Nxe4 Qxe4 19. Nd5 Rb8 20. Re1 Qf5 21. b3 Bd8 22. Ne3 Qe6 23. Qd5 Qxd5 24. Nxd5 f6 25. Re3 Kf7 26. Kf1 Bb6 1/2-1/2

[Event "HUN-chT3 0102"]
[Site "Hungary"]
[Date "2002.01.13"]
[Round "5.1"]
[White "Andor, Laszlo"]
[Black "Kovacs, Gabor M"]
[Result "0-1"]
[WhiteElo "2200"]
[BlackElo "2300"]
[PlyCount "150"]
[EventDate "2001.09.30"]
[EventType "team"]
[EventRounds "11"]
[EventCountry "HUN"]
[SourceTitle "EXT 2004"]
[Source "ChessBase"]
[SourceDate "2003.11.25"]
[SourceVersion "1"]
[SourceVersionDate "2003.11.25"]
[SourceQuality "1"]

1. d4 d5 2. c4 e6 3. Nc3 Nf6 4. Bg5 Nbd7 5. e3 Be7 6. cxd5 exd5 7. Bd3 0-0 8. Qc2 c6 9. Nge2 Re8 10. 0-0 Ne4 11. Bxe7 Qxe7 12. Ng3 Ndf6 13. a3 Nxg3 14. hxg3 Bd7 15. b4 h6 16. Na4 b6 17. Rfc1 Ng4 18. Rf1 Qg5 19. Be2 Qh5 20. Bxg4 Qxg4 21. Nc3 h5 22. Qe2 Qg5 23. Qf3 Rac8 24. Rac1 Bg4 25. Qf4 Qd8 26. e4 dxe4 27. Nxe4 Qd5 28. Nc3 Qd7 29. Rfe1 Rcd8 30. Rxe8+ Rxe8 31. f3 Be6 32. Re1 Rd8 33. Rd1 f6 34. Qe3 Bb3 35. Rd2 Bc4 36. Rd1 Re8 37. Qf4 Bb3 38. Rd2 Bd5 39. Rd1 Qe6 40. Qd2 Bb3 41. Rb1 Bc4 42. Kf2 Qd6 43. Rd1 h4 44. gxh4 Qh2 45. Rg1 Qxh4+ 46. g3 Qh2+ 47. Rg2 Qh5 48. Rg1 Kf7 49. Qf4 Bd5 50. Ne4 Kg6 51. Rg2 Bxe4 52. fxe4 Qd1 53. Qe3 Qg4 54. e5 fxe5 55. dxe5 Qf5+ 56. Qf4 Rxe5 57. Qxf5+ Kxf5 58. Kf3 Rd5 59. g4+ Kg5 60. Ke4 Rd6 61. Rg1 Rf6 62. Rc1 g6 63. Rc3 Kxg4 64. Ke5 Rf5+ 65. Ke4 c5 66. bxc5 Rxc5 67. Rxc5 bxc5 68. Kd5 Kf4 69. Kxc5 g5 70. Kb5 g4 71. Ka6 g3 72. Kxa7 g2 73. a4 g1Q+ 74. Ka6 Qg6+ 75. Kb5 Qe8+ 0-1

[Event "HUN-chT3 0001"]
[Site "Hungary"]
[Date "2001.03.04"]
[Round "8.1"]
[White "Kovacs, Gabor M"]
[Black "Vrban, Mladen"]
[Result "1/2-1/2"]
[WhiteElo "2300"]
[BlackElo "2286"]
[PlyCount "32"]
[EventDate "2000.10.29"]
[EventType "team"]
[EventRounds "11"]
[EventCountry "HUN"]
[SourceTitle "EXT 2007"]
[Source "ChessBase"]
[SourceDate "2006.11.23"]
[SourceVersion "1"]
[SourceVersionDate "2006.11.23"]
[SourceQuality "1"]

1. d4 c5 2. c3 Nf6 3. Nf3 Qb6 4. g3 d5 5. Bg2 Bf5 6. 0-0 e6 7. Nbd2 Be7 8. dxc5 Bxc5 9. Nb3 Be7 10. Nbd4 Be4 11. Qa4+ Nfd7 12. Ne5 Bxg2 13. Kxg2 Bd6 14. Bf4 Bxe5 15. Bxe5 0-0 16. Bxb8 Nxb8 1/2-1/2

[Event "HUN-chT3 0001"]
[Site "Hungary"]
[Date "2001.02.04"]
[Round "6.1"]
[White "Kovacs, Gabor M"]
[Black "Halasz, Attila"]
[Result "1/2-1/2"]
[WhiteElo "2300"]
[BlackElo "2260"]
[PlyCount "33"]
[EventDate "2000.10.29"]
[EventType "team"]
[EventRounds "11"]
[EventCountry "HUN"]
[SourceTitle "EXT 2007"]
[Source "ChessBase"]
[SourceDate "2006.11.23"]
[SourceVersion "1"]
[SourceVersionDate "2006.11.23"]
[SourceQuality "1"]

1. d4 d5 2. Nf3 e6 3. c4 c6 4. e3 f5 5. Nc3 Nf6 6. Be2 Bd6 7. 0-0 Nbd7 8. Rb1 0-0 9. b4 Ne4 10. Qb3 a6 11. a4 Rf6 12. g3 Rh6 13. b5 axb5 14. axb5 g5 15. Nd2 Ndf6 16. c5 Bb8 17. Ndxe4 1/2-1/2

[Event "HUN-chT3 0001"]
[Site "Hungary"]
[Date "2000.12.03"]
[Round "4.1"]
[White "Ivan, Attila"]
[Black "Kovacs, Gabor M"]
[Result "1/2-1/2"]
[WhiteElo "2290"]
[BlackElo "2300"]
[PlyCount "64"]
[EventDate "2000.10.29"]
[EventType "team"]
[EventRounds "11"]
[EventCountry "HUN"]
[SourceTitle "EXT 2007"]
[Source "ChessBase"]
[SourceDate "2006.11.23"]
[SourceVersion "1"]
[SourceVersionDate "2006.11.23"]
[SourceQuality "1"]

1. e4 e5 2. Nf3 Nc6 3. Bb5 a6 4. Ba4 Nf6 5. 0-0 Be7 6. Re1 b5 7. Bb3 d6 8. c3 Bg4 9. d4 Bxf3 10. gxf3 Nh5 11. Bd5 Qd7 12. dxe5 0-0 13. f4 g6 14. exd6 cxd6 15. e5 Ng7 16. Qf3 Rac8 17. Nd2 Rfd8 18. Nb3 dxe5 19. Bxc6 Rxc6 20. fxe5 Nf5 21. Nd4 Nxd4 22. cxd4 Rc2 23. Qe4 Rdc8 24. Be3 Rxb2 25. Rec1 Rb4 26. Rxc8+ Qxc8 27. Rc1 Rc4 28. Rxc4 bxc4 29. d5 Ba3 30. d6 c3 31. Qa4 c2 32. Qxa3 Qg4+ 1/2-1/2

[Event "HUN-chT3 9900"]
[Site "Hungary"]
[Date "2000.02.13"]
[Round "7"]
[White "Kovacs, Gabor M"]
[Black "Ivan, Zoltan"]
[Result "0-1"]
[WhiteElo "2300"]
[BlackElo "2200"]
[PlyCount "26"]
[EventDate "1999.09.26"]
[EventType "team"]
[EventRounds "11"]
[EventCountry "HUN"]
[SourceTitle "EXT 2002"]
[Source "ChessBase"]
[SourceDate "2001.11.25"]
[SourceVersion "1"]
[SourceVersionDate "2001.11.25"]
[SourceQuality "1"]

1. Nf3 d5 2. g3 Nf6 3. Bg2 g6 4. 0-0 Bg7 5. d4 0-0 6. c4 dxc4 7. Nc3 Nc6 8. Bf4 Be6 9. Re1 a6 10. a3 Na5 11. Ne5 Ng4 12. Qa4 c6 13. Nxg4 Bxg4 0-1

[Event "HUN-chT3 9900"]
[Site "Hungary"]
[Date "2000.01.23"]
[Round "6"]
[White "Talos, Janos"]
[Black "Kovacs, Gabor M"]
[Result "1/2-1/2"]
[WhiteElo "2245"]
[BlackElo "2300"]
[PlyCount "116"]
[EventDate "1999.09.26"]
[EventType "team"]
[EventRounds "11"]
[EventCountry "HUN"]
[SourceTitle "EXT 2002"]
[Source "ChessBase"]
[SourceDate "2001.11.25"]
[SourceVersion "1"]
[SourceVersionDate "2001.11.25"]
[SourceQuality "1"]

1. d4 Nf6 2. Nf3 e6 3. Bf4 d5 4. e3 c5 5. c3 Nc6 6. Bd3 Bd6 7. Bg3 Qe7 8. Ne5 Bxe5 9. Bxe5 Nxe5 10. dxe5 Nd7 11. f4 c4 12. Bc2 Qc5 13. Qf3 b5 14. a3 Bb7 15. Qg3 0-0-0 16. Nd2 f6 17. 0-0-0 fxe5 18. fxe5 a5 19. Rhf1 Rhf8 20. Bxh7 b4 21. axb4 axb4 22. cxb4 Qxb4 23. Nb1 Nc5 24. Bc2 Nb3+ 25. Bxb3 cxb3 26. Rf4 Qc5+ 27. Nc3 Kb8 28. Rfd4 Rc8 29. Kb1 Ba6 30. Qe1 Rf1 31. Qd2 Rxd1+ 32. Qxd1 Bc4 33. Qd2 Qc7 34. e4 Qxe5 35. exd5 exd5 36. Qf4 Qxf4 37. Rxf4 Rd8 38. Rd4 Kc7 39. Kc1 Kc6 40. Rg4 Rd7 41. Kd2 Rf7 42. Nd1 Kc5 43. g3 d4 44. h4 Bd5 45. Rg5 Kc4 46. Rg4 Kc5 47. Rg5 Rf1 48. Ke2 Rg1 49. Nf2 Rg2 50. Kf1 Kc4 51. Rxg7 d3 52. Rg4+ Kb5 53. Nxd3 Rd2 54. Rb4+ Ka5 55. Rd4 Bc4 56. Ke1 Rxd3 57. Rxc4 Rxg3 58. Kd2 Kb5 1/2-1/2

[Event "HUN-chT2 9798"]
[Site "Hungary"]
[Date "1998.??.??"]
[Round "?"]
[White "Amrein, Roland"]
[Black "Kovacs, Gabor M"]
[Result "1-0"]
[WhiteElo "2245"]
[BlackElo "2285"]
[PlyCount "57"]
[EventDate "1997.??.??"]
[EventType "team"]
[EventRounds "11"]
[EventCountry "HUN"]
[SourceTitle "EXT 1999"]
[Source "ChessBase"]
[SourceDate "1998.11.16"]
[SourceVersion "1"]
[SourceVersionDate "1998.11.16"]
[SourceQuality "1"]

1. e4 d6 2. d4 Nf6 3. Nc3 c6 4. f4 Qa5 5. Bd3 e5 6. Nf3 Nbd7 7. 0-0 Be7 8. Qe1 Qc7 9. a4 a5 10. Kh1 0-0 11. Bd2 Re8 12. Bc4 exd4 13. Nxd4 d5 14. exd5 Bc5 15. Nde2 Nb6 16. Bd3 Nbxd5 17. Nxd5 cxd5 18. Qh4 Bf5 19. Bb5 Ne4 20. Bc3 Qb6 21. Bxe8 Rxe8 22. Ng3 Bf2 23. Rad1 Re6 24. Rxd5 Nxg3+ 25. hxg3 Rh6 26. Bxa5 Bxg3 27. Bxb6 Rxh4+ 28. Kg1 Bh2+ 29. Kf2 1-0

[Event "HUN-chT2 9798"]
[Site "Hungary"]
[Date "1998.??.??"]
[Round "?"]
[White "Halasz, Attila"]
[Black "Kovacs, Gabor M"]
[Result "1/2-1/2"]
[WhiteElo "2205"]
[BlackElo "2285"]
[PlyCount "130"]
[EventDate "1997.??.??"]
[EventType "team"]
[EventRounds "11"]
[EventCountry "HUN"]
[SourceTitle "EXT 1999"]
[Source "ChessBase"]
[SourceDate "1998.11.16"]
[SourceVersion "1"]
[SourceVersionDate "1998.11.16"]
[SourceQuality "1"]

1. d4 Nf6 2. c4 e6 3. Nf3 d5 4. Nc3 c6 5. Bg5 Nbd7 6. e3 Bb4 7. Nd2 Qa5 8. Bxf6 Nxf6 9. Qb3 0-0 10. Rc1 Bd7 11. Bd3 Rfe8 12. 0-0 e5 13. cxd5 cxd5 14. dxe5 Rxe5 15. Nf3 Ree8 16. a3 Bd6 17. Nb5 Qb6 18. Rc3 Bc5 19. Rfc1 Rac8 20. Nbd4 Qxb3 21. Nxb3 Bb6 22. Nc5 Bxc5 23. Rxc5 Rxc5 24. Rxc5 Rc8 25. Rxc8+ Bxc8 26. Nd4 Bd7 27. f3 Kf8 28. Kf2 Ke7 29. Ke2 g6 30. Kd2 Kd6 31. Kc3 Ne8 32. h4 Ng7 33. b4 h6 34. f4 Nh5 35. Nf3 Ng3 36. Ne5 Be8 37. Kd4 b6 38. Ng4 h5 39. Nf6 Bc6 40. b5 Bb7 41. Nh7 Bc8 42. Ng5 Be6 43. a4 Ke7 44. Nf3 Ne4 45. Bxe4 dxe4 46. Kxe4 Kd6 47. Kd4 f6 48. Nd2 Bg4 49. Ne4+ Ke6 50. Nc3 Kd6 51. e4 Bc8 52. Kc4 Bb7 53. g3 Bc8 54. Kd4 Ke6 55. Nd5 Bb7 56. Ne3 Ba8 57. Nc4 Bb7 58. a5 bxa5 59. Nxa5 Ba8 60. Kc5 Bxe4 61. Nc6 Bd3 62. Nxa7 Bxb5 63. Nxb5 Kf5 64. Kd4 Kg4 65. Ke4 Kxg3 1/2-1/2

[Event "HUN-chT2 9798"]
[Site "Hungary"]
[Date "1997.??.??"]
[Round "?"]
[White "Kovacs, Gabor M"]
[Black "Honos, Attila"]
[Result "1/2-1/2"]
[WhiteElo "2285"]
[BlackElo "2340"]
[PlyCount "87"]
[EventDate "1997.??.??"]
[EventType "team"]
[EventRounds "11"]
[EventCountry "HUN"]
[SourceTitle "EXT 1999"]
[Source "ChessBase"]
[SourceDate "1998.11.16"]
[SourceVersion "1"]
[SourceVersionDate "1998.11.16"]
[SourceQuality "1"]

1. Nf3 Nf6 2. c4 c5 3. Nc3 g6 4. g3 Bg7 5. Bg2 d5 6. cxd5 Nxd5 7. 0-0 0-0 8. Qb3 Nxc3 9. dxc3 Nc6 10. Be3 b6 11. Rfd1 Qe8 12. Qd5 Be6 13. Qe4 Bf5 14. Qh4 Rd8 15. Bh6 f6 16. Bxg7 Kxg7 17. Qa4 Na5 18. Qxe8 Rfxe8 19. b3 Bc2 20. Rdc1 Be4 21. Rd1 Nc6 22. Kf1 e5 23. Ke1 f5 24. Rxd8 Rxd8 25. Rd1 Rxd1+ 26. Kxd1 g5 27. Ne1 Bxg2 28. Nxg2 f4 29. Kd2 Kf6 30. h3 Ne7 31. e4 h5 32. g4 hxg4 33. hxg4 Ng6 34. f3 Ke6 35. Ne1 Nh4 36. Ke2 Kd6 37. Kd3 a6 38. a4 Kc6 39. c4 Ng6 40. Kc3 a5 41. Kd3 Nf8 42. Kc3 Ne6 43. Kb2 Nd4 44. Kc3 1/2-1/2

[Event "HUN-chT2"]
[Site "Hungary"]
[Date "1997.??.??"]
[Round "9"]
[White "Kovacs, Gabor M"]
[Black "Kadar, Gabor"]
[Result "1-0"]
[WhiteElo "2285"]
[BlackElo "2230"]
[PlyCount "105"]
[EventDate "1997.??.??"]
[EventType "team-swiss"]
[EventRounds "13"]
[EventCountry "HUN"]
[SourceTitle "EXT 2006"]
[Source "ChessBase"]
[SourceDate "2005.11.24"]
[SourceVersion "1"]
[SourceVersionDate "2005.11.24"]
[SourceQuality "1"]

1. d4 Nf6 2. Nf3 g6 3. Bg5 Ne4 4. Bf4 Bg7 5. Nbd2 d5 6. e3 c5 7. c3 cxd4 8. exd4 Nd6 9. Qb3 e6 10. Bd3 0-0 11. Qa3 Nf5 12. g4 Ne7 13. Rg1 Nbc6 14. h4 Bd7 15. Qb3 Na5 16. Qc2 b5 17. h5 Rc8 18. Ne5 b4 19. Rc1 bxc3 20. bxc3 Nec6 21. Ndf3 Nxe5 22. Bxe5 Nc6 23. Bxg7 Kxg7 24. Qd2 e5 25. dxe5 Re8 26. Kf1 Nxe5 27. Nxe5 Rxe5 28. Ba6 Rc6 29. Qd4 f6 30. Bd3 Qb6 31. Rb1 Qc7 32. hxg6 hxg6 33. f4 Re4 34. Bxe4 Rc4 35. Qxd5 Qxf4+ 36. Bf3 Bc6 37. Rb7+ Bxb7 38. Qxb7+ Rc7 39. Qe4 Qc1+ 40. Kg2 Qd2+ 41. Qe2 Qxc3 42. Rd1 Qc5 43. Qe6 Qb5 44. Kg3 Qb8 45. Qd6 Qb6 46. Qxb6 axb6 47. Rd2 Ra7 48. Bd1 Kh6 49. Kf4 Ra5 50. Bb3 Rb5 51. Rd4 g5+ 52. Kf3 Kg7 53. Rd7+ 1-0

[Event "Hajduboszormeny op"]
[Site "Hajduboszormeny"]
[Date "1995.??.??"]
[Round "6"]
[White "Dani, Peter"]
[Black "Kovacs, Gabor M"]
[Result "1-0"]
[WhiteElo "2205"]
[BlackElo "2285"]
[PlyCount "107"]
[EventDate "1995.??.??"]
[EventType "swiss"]
[EventRounds "9"]
[EventCountry "HUN"]
[SourceTitle "EXT 1997"]
[Source "ChessBase"]
[SourceDate "1996.11.15"]
[SourceVersion "1"]
[SourceVersionDate "1996.11.15"]
[SourceQuality "1"]

1. e4 c5 2. Nf3 d6 3. d4 cxd4 4. Nxd4 Nf6 5. Nc3 e6 6. g4 a6 7. g5 Nfd7 8. Be3 Qc7 9. Qe2 Nc6 10. f4 Nxd4 11. Bxd4 b5 12. Bh3 Qc4 13. Qxc4 bxc4 14. Bf1 Bb7 15. Bxc4 Rc8 16. Be2 e5 17. Be3 exf4 18. Bxf4 Ne5 19. 0-0-0 Be7 20. Nd5 Bd8 21. h4 0-0 22. Rh3 Re8 23. Rb3 Bxd5 24. Rxd5 Ng6 25. Bxd6 Rxe4 26. Bxa6 Ra8 27. Bg3 Be7 28. Bd3 Rg4 29. a3 Nxh4 30. Bxh4 Rxh4 31. Rb7 Rh1+ 32. Kd2 Rh2+ 33. Kc3 Bf8 34. Kb3 h6 35. gxh6 Rxh6 36. Bc4 Rh3+ 37. Rd3 Rxd3+ 38. cxd3 Rd8 39. Rxf7 Kh7 40. a4 Rb8+ 41. Bb5 Kh6 42. Kc4 g5 43. Kd5 Rc8 44. Bc6 Bb4 45. Rb7 Rd8+ 46. Kc4 Bd2 47. b4 Rc8 48. Kc5 Be3+ 49. Kd6 Rd8+ 50. Rd7 Rf8 51. a5 Bd2 52. Kc5 Rf1 53. a6 Rb1 54. a7 1-0